Telecommunication external economies, city size and optimal pricing for telecommunications.
Použitie modelu mesta na skúmanie možného vplyvu telekomunikácií na mestá v urbanistickom systéme. Vzťahy zvyšovania zamestnanosti v sektore komunikačných služieb s veľkosťou miest. Spojenie vonkajších úspor vo vzťahu k zamestnanosti v mestách, telekomunikačnej sieti a celkovému počtu napojenia na t...
Na minha lista:
| Autor principal: | |
|---|---|
| Formato: | Capítulo de Livro |
| Idioma: | inglês |
| Assuntos: | |
| Tags: |
Sem tags, seja o primeiro a adicionar uma tag!
|
MARC
| LEADER | 00000naa a2200000 4500 | ||
|---|---|---|---|
| 001 | r009285 | ||
| 005 | 20220913122453.1 | ||
| 041 | 0 | |a eng | |
| 044 | |a US | ||
| 245 | 1 | 0 | |a Telecommunication external economies, city size and optimal pricing for telecommunications. |c J.M. Tofflemire |
| 520 | |a Použitie modelu mesta na skúmanie možného vplyvu telekomunikácií na mestá v urbanistickom systéme. Vzťahy zvyšovania zamestnanosti v sektore komunikačných služieb s veľkosťou miest. Spojenie vonkajších úspor vo vzťahu k zamestnanosti v mestách, telekomunikačnej sieti a celkovému počtu napojenia na telekomunikácie v mestách. | ||
| 610 | 2 | 0 | |a mestá |
| 610 | 2 | 0 | |a telekomunikácie |
| 610 | 2 | 0 | |a oceňovanie ekonomické |
| 610 | 2 | 0 | |a modely |
| 610 | 2 | 0 | |a úspory |
| 610 | 2 | 0 | |a urbanizmus |
| 610 | 2 | 0 | |a zamestnanosť |
| 100 | 1 | |a Tofflemire, J.M. | |